000 01187nam a2200361 a 4500
003 CHAP
005 20220329142217.0
008 000218d1998 mx a r 00010 spa d
010 _a79976
011 _a80948
020 _a9701701968
035 _a91405
040 _cCHAP
082 0 4 _a532
_bP61Y 1997
100 0 0 _aPotter, Merle C.
_991134
245 1 0 _aMecánica de fluidos
_c/por Merle C. Potter, David C. Wiggert and Midhat Hondzo
260 _aMéxico, D.F. :
_bPrentice Hall,
_c1998.
300 _a752 p. :
_bilus.
500 _aTrad. de : Mechanics of fluids, 2 ed. de 1997
590 _aBATCH-UPD
_b10
_c20130110
_lUCH01
_h0411
590 _aBATCH-UPD
_b10
_c20130110
_lUCH01
_h2215
590 _aBATCH-UPD
_b10
_c20130410
_lUCH01
_h1516
590 _aBATCH-UPD
_b10
_c20130914
_lUCH01
_h1421
590 _aCONVERSION
_b10
_c20130109
_lUCH01
_h1344
650 1 4 _aFluídos.
_941896
650 1 4 _aMecánica de fluídos.
_973821
700 0 _aHondzo, Midhat.
_956078
700 0 _aWiggert, David C.
_9121867
901 _aBK
905 _aMayto Villalobos S.
942 _cLIBRO
949 _a532 P61Y 1997
_bBC
_cLIBRO
_d33724000921540
_eLIBRO
_gI.198889
_h96110
_i91405
_si
_t$ 195.00
999 _c79976
_d79976